| 000 | 00800nam a2200265 i 4500 | ||
|---|---|---|---|
| 001 | 000015795 | ||
| 003 | DO-SdBNP | ||
| 005 | 20250617130943.0 | ||
| 008 | 100218s1985 dr 001 0 spa d | ||
| 040 |
_aDO-SdBNP _bspa _cBNPHU _erda |
||
| 041 | _aspa | ||
| 049 | _aBNPD | ||
| 082 | 4 |
_axxxx _bH557m _222 |
|
| 100 | 1 |
_aHernández, Ángela, _d1954- _eautor _4aut. _92564 |
|
| 245 | 1 | 0 |
_aMachismo y aborto / _cÁngela Hernández, José Rafael Sosa. |
| 250 | _aTercera edición | ||
| 264 |
_aSanto Domingo : _bEditorial Gente, _c1985. |
||
| 300 |
_a19 páginas ; _c22 cm. |
||
| 336 |
_atexto _btxt _2rdacontent |
||
| 337 |
_asin mediación _bn _2rdamedia |
||
| 338 |
_avolumen _bnc _2rdacarrier |
||
| 490 | 0 | _aPensamiento Social | |
| 700 | 1 |
_aSosa, José Rafael _eautor _4aut. _964 |
|
| 942 |
_2ddc _cLF2 |
||
| 999 |
_c15341 _d15341 |
||